Statistiques concernant Pays ayant le plus de cathédrales

Cliquez ici pour prendre le quiz!

Statistiques générales

  • Ce quiz a été pris 3,898 fois
  • Le résultat moyen est 15 sur 20

Statistiques - réponses

n ° pays % Correct
183France
100%
405Italie
98%
89Espagne
98%
29Allemagne
93%
223Etats-Unis
93%
280Brésil
92%
93Mexique
88%
69Argentine
88%
42Royaume-Uni
86%
68Canada
85%
80Colombie
77%
62Pologne
76%
34Pérou
73%
71Chine
71%
39Venezuela
67%
30Australie
67%
192Inde
63%
37Indonésie
40%
89Philippines
39%
54Nigeria
24%

Distribution des résultats

Percentile by Number Answered

% des personnes avec chaque résultat

Votre développement - résultats

Vous n’avez pas pris ce quiz